Quiz o Pabianicach - Statystyki

Ogólne statystyki
  • Ten quiz został rozwiązany 78 razy
    67 od ostatniego zresetowania
  • Średni wynik to 12 z 22
Statystyki odpowiedzi
Opis Odpowiedź % Poprawnych
Prezydentem miasta jest ... Grzegorz Mackiewicz
91%
Wyróżnik tablicy rejestracyjnej powiatu pabianickiego. EPA
84%
Park Wolności to inaczej ... Strzelnica
84%
Linia tramwajowa obsługiwana przez MPK Łódź; kursuje z Łodzi do Pabianic. linia "41"
82%
Linia autobusowa obsługiwana przez MZK Pabianice; kursuje przez całe miasto. linia "1"
80%
Patron miasta; zamordowany w obozie koncentracyjnym Auschwitz-Birkenau. Maksymilian Maria Kolbe
75%
Jedno z miejsc spotkań pabianickiej młodzieży. Lewityn
73%
Koncern farmaceutyczny stworzony przez Andrzeja Furmana. Aflofarm Farmacja
70%
Słynny streamer z Pabianic; posługuje się biegle translatorem. Dawid "Jasper"
68%
Z jednej strony osiedle Bugaj, z drugiej ... osiedle Piaski
68%
Najstarszy kościół w Pabianicach znajdujący się na Starym Mieście. kościół św. Mateusza
64%
Rzeki przepływające przez miasto to ... Dobrzynka i Pabianka
52%
Został posłem na Sejm X kadencji; wcześniej był starostą powiatu pabianickiego. Krzysztof Habura
45%
Rywalizujący z klubem powyżej klub piłkarski; nazwa nawiązuje do wykonawcy dawnego przemysłu znajdującego się w mieście. Włókniarz Pabianice
45%
Przemysł rozwinięty w Pabianicach przez Karola Endera i Benjamina Krusche. przemysł włókienniczy
43%
Drużyna piłki ręcznej występująca na zapleczu Orlen Superligi. Pabiks IMPACT Pabianice
41%
Jeden z najstarszych klubów piłkarskich w Polsce; stadion tej drużyny znajduje się na ulicy Sempołowskiej. PTC Pabianice
41%
Najdłuższą ulicą Pabianic jest ulica ... ulica 20 Stycznia
41%
Budynek w centrum Pabianic nazywany przez starszych mieszkańców "bunkrem". SDH
39%
Najbogatsi pabianiczaninie; według magazynu Forbes zajmują 12. miejsce w Polsce. bracia Furmanowie
23%
Polski koszykarz pochodzący z Pabianic; reprezentant Polski; gra na pozycji rzucającego obrońcy. Michał Michalak
7%
Wiersz Jana Brzechwy, w którym wspomniano o Pabianicach. "Sójka"
2%
Nie znaleziono quizów pasujących do podanych kryteriów
Rozkład punktacji
Procent ludzi z każdym wynikiem
Percentyl według liczby udzielonych odpowiedzi
Twoja historia wyników
Nie rozwiązałeś tego quizu od ostatniego zresetowania